Регионална библиотека "Любен Каравелов" - Русе

Химия и опазване на околната среда 10. клас (Запис номер 345405)

MARC детайли
000 -Лидер
Контролно поле с фиксирана дължина 02053nam a2200361 a 4500
003 - Код на организацията, давaща контролен номер
Контролно поле BLK
005 - Дата и час на последна редакция
Контролно поле 20240916095132.0
008 - Елементи от данни с фиксирана дължина
fixed length control field 190920b bu ||||fr|||| 00| 0 bu d
020 ## - Международен стандартен номер на книга ISBN
Международен стандартен номер на книга ISBN 9789540138640
040 ## - Източник на каталожния запис
Идентификатор на билиотеката - собственик на записа BLK
041 ## - Код за език
Код за езика на текст/звукозапис или на отделно заглавие Български
Код за езика КДБФ Български
080 ## - УДК
Текстов определител УДК Химия. Кристалография. Минералогия. Вж и 577.1; 66; 612.015; 631.41
УДК код - определител по УДК 54
УДК определител (072)(075.3)
УДК - код + определител 54(072)(075.3)
100 ## - Редна дума - Автор
Автор Боянова, Лиляна
Пълна форма на името Йорданова, Лиляна Боянова
R(LIN) 366905
139 ## - Редно поле
Редна дума Боянова, Лиляна
Авторски знак Боян - Б 74
245 ## - Сведения за заглавието
Заглавие Химия и опазване на околната среда 10. клас
Подзаглавни данни Книга за учителя
246 ## - Различни форми на заглавието
Паралелно заглавие Книга за учителя по химия и опазване на околната среда за 10. клас
260 ## - Област на издателските данни
9 (RLIN) 209435
Място на издаване, разпространение и проч. София
Име на издателя, разпространителя и проч. Просвета
Година на издаване 2019
Печатница Алианс принт
300 ## - Физическа характеристика
Страници 84 с.
Илюстрации и др. с табл.
Размери/Мащаб 24 см
380 ## - Жанр
Жанр Естествени науки. Математика
500 ## - Общи забележки
Забележка Загл. в изд. каре: Книга за учителя по химия и опазване на околната среда за 10. клас<br/>Други авт.: Красимир Николов, Емилия Тодорова, Ивайло Ушагелов<br/>Пълната форма на името на авт. Лиляна Боянова е Лиляна Боянова Йорданова<br/>Комплект с уч. тетрадка и учебник
650 #7 - Допълнително описание по предмет – тема
9 (RLIN) 176577
Основно описание – тема или топоним Химия
653 #7 - Ключова дума – ненормативна
9 (RLIN) 190921
Ключова дума методики
653 #7 - Ключова дума – ненормативна
9 (RLIN) 190920
Ключова дума методика на преподаването
653 #7 - Ключова дума – ненормативна
9 (RLIN) 197223
Ключова дума средни училища
653 #0 - Ключова дума – ненормативна
9 (RLIN) 390621
Ключова дума 10-ти клас
700 ## - Други автори (авторска отговорност)
Лично име Николов, Красимир Йорданов
Автороска отговорност (Описва отношението между автора и произведението) съавт.
9 (RLIN) 1445
700 ## - Други автори (авторска отговорност)
Лично име Тодорова, Емилия Стефанова
Автороска отговорност (Описва отношението между автора и произведението) съавт.
9 (RLIN) 1445
700 ## - Други автори (авторска отговорност)
Лично име Ушагелов, Ивайло Стоянов
Автороска отговорност (Описва отношението между автора и произведението) съавт.
9 (RLIN) 1445
852 ## - Местоположение
Фондова буква Хранилище
999 ## - СИСТЕМНИ КОНТРОЛНИ НОМЕРА
Koha biblionumber 345405
Koha biblioitemnumber 345405
942 ## - АРТИКУЛИ
Вид на библиотечния материал Книги
Скрит в OPAC Не
Периодичен библиозапис Да
Koha issues (borrowed), all copies 1
944 ## - СЪЗДАВАНЕ И РЕДАКЦИЯ на ЗАПИСА
Създаване/Редакция Създаване
Дата на регистрацията/редакция 2019-09-20
Служител, извършил регистрацията/редакцията 30550
Статус, дата на статуса Кети Илиева
999 ## - СИСТЕМНИ КОНТРОЛНИ НОМЕРА
Koha biblioitemnumber 345405
Наличности
Код за отписване Код за изгубен артикул Източник на класификационната схема Код за повреда Код за отдаване Артикулен № Име на библиотеката - собственик Име на библиотеката, в която се намира в момента Статус (Текущо местоположение) Дата на вписване в системата Местоположение - отдел Цена в лева Систематично азбучна сигнатура Баркод Цена в евро Служебен тип на артикула
  Не е изгубен Universal Decimal Classification Не е повреден ползва се в читалня 746635 Регионална библиотека "Любен Каравелов" Русе Регионална библиотека "Любен Каравелов" Русе Хранилище 2019-09-26 Хранилище 9.00 Цб 297032 120000836626 4.60 Книги
Vip Innovations Ltd, Rousse, Bulgaria 2025